Представление документа в формате RUSMARC

ПолеНазваниеЗначение
  Тип записи a
  Библиографический уровень m
001 Контрольный номер RU/CBS_UL/BASE/649154350
005 Дата корректировки 20250214085222.2
010 Индекс ISBN __
a ISBN 5-85887-174-7
b Уточнения в пер.
d Цена 4 р. 71 к.
9 Тираж 3 000 экз.
100 Данные общей обработки __
a Данные общей обработки 20200727d2020 ||| 0rusy0189 ca
101 Язык документа 0_
a Язык текста rus
102 Страна публикации __
a Страна публикации RU
105 Кодированные данные (монография) __
a Кодированные данные (монография) y###||||000|y
181 Поле кодированных данных: вид содержания _1
a Код вида содержания (ISBD) i#
b Код характеристики содержания (ISBD) #xxe##
d i
g x
h x
i e
2 Код системы (источник кода, отличный от ISBD) isbdcontent
182 Поле кодированных данных: тип средства _1
a Код типа средства (ISBD) n
2 Код системы (источник кода, отличный от ISBD) isbdmedia
200 Заглавие и сведения об ответственности 1_
a Заглавие Антон Чехов и его критик Михаил Меньшиков
b Общее обозначение материала Текст
e Сведения, относящиеся к заглавию переписка, дневники, воспоминания, статьи
g Последующие сведения об ответственности Рос. Академия наук ; Ин-тут мировой литературы им. А. М. Горького
g Последующие сведения об ответственности сост., статьи, подгот. текстов и примеч. А. С. Мелковой
w Текст (визуальный) : непосредственный
203 Вид содержания и тип средства __
a Вид содержания Текст
b Характеристика содержания визуальный
c Тип средства непосредственный
210 Выходные данные 1_
a Место издания Москва
c Издательство Русский путь
d Дата издания 2005
215 Физическое описание __
a Объем 475, [1] с.
c Иллюстрации/тип воспроизводства фот.
d Формат 24 см.
333 Примечание о целевом назначении __
a Примечание о целевом назначении 12+
600 Персоналии _0
a Персоналии (Фамилия) Чехов
b Персоналии (Имя, инициалы) А. П.
600 Персоналии _0
a Персоналии (Фамилия) Меньшиков
b Персоналии (Имя, инициалы) М. О.
606 Тематические рубрики 0_
a Основная рубрика Русская литература, 19 в. - Письма
610 Ключевые слова 0_
a Ключевые слова литература русская
a Ключевые слова классика
a Ключевые слова переписка
a Ключевые слова писатели
a Ключевые слова критики
a Ключевые слова дневники
686 Индексы других классификаций __
a Классификационный индекс 84(2Рос=Рус)1
2 Код системы rubbk
801 Источник записи _0
a Страна RU
b Организация МБУК ЦБС
c Дата составления 20200727
g Правила каталогизации RCR
801 Источник записи _1
a Страна RU
b Организация МБУК ЦБС г. Ульяновска
c Дата составления 20200727
g Правила каталогизации RCR
899 Данные о местонахождении __
i Авторский знак Ч-56
j Расстановочный фильтр Р1
901 Тип документа __
t Тип документа m
910 Корректоры записи __
a Корректор записи Тургенева